Application of molecular markers with special reference to RAPDs for genetic analysis in Hevea (Record no. 54380)

MARC details
000 -LEADER
fixed length control field 00498nam a2200145Ia 4500
100 ## - MAIN ENTRY--AUTHOR NAME
Personal name Varghese Y Annamma
245 #0 - TITLE STATEMENT
Title Application of molecular markers with special reference to RAPDs for genetic analysis in Hevea
260 ## - PUBLICATION, DISTRIBUTION, ETC. (IMPRINT)
Name of publisher Placrosym XII, 1996, Kottayam, India. Developments in Plantation Crops Research, pp. 40-45.
Year of publication 1998
700 ## - ADDED ENTRY--PERSONAL NAME
Personal name Ecke W
700 ## - ADDED ENTRY--PERSONAL NAME
Personal name Knaak C
700 ## - ADDED ENTRY--PERSONAL NAME
Personal name Saraswathyamma C K
700 ## - ADDED ENTRY--PERSONAL NAME
Personal name Sethuraj M R
942 ## - ADDED ENTRY ELEMENTS (KOHA)
Koha item type Journals
Holdings
Withdrawn status Lost status Damaged status Not for loan Home library Current library Shelving location Date acquired Koha item type
      Journals RRII Library RRII Library Biotechnology 01/01/2021 Journals